Statystyki dla Państwa najczęściej odwiedzane przez Kanadyjczyków

Kliknij tutaj aby rozwiązać quiz!

Ogólne statystyki

  • Ten quiz został rozwiązany 735 razy
  • Średni wynik to 7 z 10

Statystyki odpowiedzi

TysiąceKraj% Poprawnych
20,702Stany Zjednoczone
100%
1,926Meksyk
95%
1,140Francja
91%
399Hiszpania
88%
1,192Wielka Brytania
85%
574Niemcy
83%
469Włochy
78%
723Chiny
53%
800Kuba
43%
487Dominikana
29%

Rozkład punktacji

Percentyl według liczby udzielonych odpowiedzi

Procent ludzi z każdym wynikiem

Twoja historia wyników

Nie rozwiązałeś tego quizu